[Event "XLIV Memoriał Szachowy Ludwika Zamenhofa 2025, Grupa B"]
[Site "Bialystok, Poland"]
[Date "2025.12.27"]
[Round "2.24"]
[White "Gorniak, Mateusz"]
[Black "Wasiluk, Mateusz"]
[Result "1-0"]
[TimeControl "90'+30\""]
[WhiteElo "1746"]
[BlackElo "1890"]

1. e4 {[%clk 01:30:55]} {[%emt 00:00:03]} c5 {[%clk 01:30:52]} {[%emt
00:00:09]} 2. Nf3 {[%clk 01:31:18]} {[%emt 00:00:07]} d6 {[%clk 01:31:14]}
{[%emt 00:00:09]} 3. c3 {[%clk 01:31:32]} {[%emt 00:00:15]} Nf6 {[%clk
01:31:34]} {[%emt 00:00:10]} 4. h3 {[%clk 01:31:43]} {[%emt 00:00:19]} Nc6
{[%clk 01:31:43]} {[%emt 00:00:22]} 5. Bd3 {[%clk 01:32:03]} {[%emt 00:00:10]}
e5 {[%clk 01:32:00]} {[%emt 00:00:14]} 6. Bc2 {[%clk 01:32:26]} {[%emt
00:00:07]} g6 {[%clk 01:32:02]} {[%emt 00:00:28]} 7. d4 {[%clk 01:32:39]}
{[%emt 00:00:17]} cxd4 {[%clk 01:32:13]} {[%emt 00:00:19]} 8. cxd4 {[%clk
01:33:00]} {[%emt 00:00:09]} exd4 {[%clk 01:32:35]} {[%emt 00:00:08]} 9. Nxd4
{[%clk 01:33:14]} {[%emt 00:00:15]} Bg7 {[%clk 01:32:51]} {[%emt 00:00:15]} 10.
Nc3 {[%clk 01:32:55]} {[%emt 00:00:49]} O-O {[%clk 01:32:49]} {[%emt 00:00:32]}
11. Nxc6 {[%clk 01:28:24]} {[%emt 00:05:00]} bxc6 {[%clk 01:32:58]} {[%emt
00:00:22]} 12. O-O {[%clk 01:28:26]} {[%emt 00:00:27]} d5 {[%clk 01:25:16]}
{[%emt 00:08:12]} 13. exd5 {[%clk 01:26:56]} {[%emt 00:02:00]} Nxd5 {[%clk
01:25:19]} {[%emt 00:00:27]} 14. Nxd5 {[%clk 01:24:34]} {[%emt 00:02:51]} cxd5
{[%clk 01:25:18]} {[%emt 00:00:32]} 15. Rb1 {[%clk 01:22:57]} {[%emt 00:02:06]}
Rb8 {[%clk 01:04:22]} {[%emt 00:21:27]} 16. b4 {[%clk 01:20:30]} {[%emt
00:02:56]} Ba6 {[%clk 01:01:22]} {[%emt 00:03:30]} 17. Bd3 {[%clk 01:19:56]}
{[%emt 00:01:04]} Bc4 {[%clk 01:00:17]} {[%emt 00:01:35]} 18. Bxc4 {[%clk
01:17:42]} {[%emt 00:02:44]} dxc4 {[%clk 01:00:39]} {[%emt 00:00:09]} 19. Qa4
{[%clk 01:15:20]} {[%emt 00:02:52]} c3 {[%clk 00:40:20]} {[%emt 00:20:49]} 20.
Be3 {[%clk 01:15:08]} {[%emt 00:00:41]} Qc7 {[%clk 00:38:45]} {[%emt 00:02:06]}
21. Rbd1 {[%clk 01:09:17]} {[%emt 00:06:21]} Rb7 {[%clk 00:25:41]} {[%emt
00:13:35]} 22. a3 {[%clk 01:06:56]} {[%emt 00:02:51]} Rc8 {[%clk 00:16:11]}
{[%emt 00:10:00]} 23. Rd5 {[%clk 00:55:43]} {[%emt 00:11:43]} Bf8 {[%clk
00:15:56]} {[%emt 00:00:45]} 24. Rc1 {[%clk 00:50:36]} {[%emt 00:05:36]} Qc4
{[%clk 00:12:20]} {[%emt 00:04:07]} 25. Ra5 {[%clk 00:47:57]} {[%emt 00:03:10]}
Re7 {[%clk 00:08:39]} {[%emt 00:04:11]} 26. Rc5 {[%clk 00:31:38]} {[%emt
00:16:49]} Rxc5 {[%clk 00:08:58]} {[%emt 00:00:11]} 27. Bxc5 {[%clk 00:32:00]}
{[%emt 00:00:07]} Re2 {[%clk 00:08:03]} {[%emt 00:01:25]} 28. Qxa7 {[%clk
00:31:44]} {[%emt 00:00:47]} Bxc5 {[%clk 00:01:53]} {[%emt 00:06:40]} 29. Qxc5
{[%clk 00:31:36]} {[%emt 00:00:37]} Qxc5 {[%clk 00:01:43]} {[%emt 00:00:40]} 30.
bxc5 {[%clk 00:31:58]} {[%emt 00:00:08]} c2 {[%clk 00:02:06]} {[%emt 00:00:07]}
31. c6 {[%clk 00:31:58]} {[%emt 00:00:30]} Rd2 {[%clk 00:01:39]} {[%emt
00:00:58]} 32. c7 {[%clk 00:31:36]} {[%emt 00:00:51]} Rd1+ {[%clk 00:02:03]}
{[%emt 00:00:06]} 33. Kh2 {[%clk 00:31:53]} {[%emt 00:00:13]} Rxc1 {[%clk
00:02:21]} {[%emt 00:00:12]} 34. c8=Q+ {[%emt 00:00:15]} Kg7 {[%clk 00:02:35]}
{[%emt 00:00:11]} 35. Qc3+ {[%clk 00:32:28]} {[%emt 00:00:14]} Kg8 {[%clk
00:02:21]} {[%emt 00:00:44]} 36. Qd2 {[%clk 00:32:22]} {[%emt 00:00:36]} Ra1
{[%clk 00:02:38]} {[%emt 00:00:12]} 37. Qd8+ {[%clk 00:32:31]} {[%emt
00:00:24]} 1-0

[Event "XLIV Memoriał Szachowy Ludwika Zamenhofa 2025, Grupa B"]
[Site "Bialystok, Poland"]
[Date "2025.12.27"]
[Round "2.25"]
[White "Kaminski, Maciej"]
[Black "Pierzchlewski, Krzysztof"]
[Result "1-0"]
[TimeControl "90'+30\""]
[WhiteElo "1884"]
[BlackElo "1432"]

1. e4 {[%clk 01:30:47]} {[%emt 00:00:11]} c5 {[%clk 01:29:38]} {[%emt
00:01:24]} 2. Nf3 {[%clk 01:31:04]} {[%emt 00:00:11]} g6 {[%clk 01:29:51]}
{[%emt 00:00:17]} 3. d4 {[%clk 01:31:20]} {[%emt 00:00:14]} cxd4 {[%clk
01:30:01]} {[%emt 00:00:20]} 4. Nxd4 {[%clk 01:31:41]} {[%emt 00:00:09]} Bg7
{[%clk 01:29:53]} {[%emt 00:00:38]} 5. Nc3 {[%clk 01:31:38]} {[%emt 00:00:33]}
Nc6 {[%clk 01:30:08]} {[%emt 00:00:17]} 6. Be3 {[%clk 01:31:14]} {[%emt
00:00:53]} d6 {[%clk 01:30:07]} {[%emt 00:00:30]} 7. Qd2 {[%clk 01:31:03]}
{[%emt 00:00:42]} Nf6 {[%clk 01:29:45]} {[%emt 00:00:52]} 8. f3 {[%clk
01:31:15]} {[%emt 00:00:18]} O-O {[%clk 01:29:53]} {[%emt 00:00:21]} 9. Bc4
{[%clk 01:30:29]} {[%emt 00:01:16]} Nxd4 {[%clk 01:28:11]} {[%emt 00:02:12]} 10.
Bxd4 {[%clk 01:30:37]} {[%emt 00:00:21]} Nd7 {[%clk 01:27:28]} {[%emt
00:01:14]} 11. O-O-O {[%clk 01:29:00]} {[%emt 00:02:07]} a6 {[%clk 01:24:48]}
{[%emt 00:03:11]} 12. g4 {[%clk 01:29:02]} {[%emt 00:00:27]} b5 {[%clk
01:22:57]} {[%emt 00:02:21]} 13. Bd5 {[%clk 01:28:31]} {[%emt 00:01:01]} Rb8
{[%clk 01:22:52]} {[%emt 00:00:36]} 14. Bxg7 {[%clk 01:27:28]} {[%emt
00:01:33]} Kxg7 {[%clk 01:22:55]} {[%emt 00:00:27]} 15. h4 {[%clk 01:27:36]}
{[%emt 00:00:21]} e6 {[%clk 01:17:30]} {[%emt 00:05:56]} 16. Bb3 {[%clk
01:26:34]} {[%emt 00:01:32]} Nc5 {[%clk 01:15:41]} {[%emt 00:02:19]} 17. h5
{[%clk 01:25:49]} {[%emt 00:01:15]} Nxb3+ {[%emt 00:03:28]} 18. cxb3 {[%clk
01:26:08]} {[%emt 00:00:11]} Qb6 {[%clk 01:10:01]} {[%emt 00:03:13]} 19. hxg6
{[%clk 01:26:09]} {[%emt 00:00:28]} fxg6 {[%clk 00:59:22]} {[%emt 00:11:09]} 20.
Qh6+ {[%clk 01:25:41]} {[%emt 00:00:58]} Kf7 {[%clk 00:59:40]} {[%emt
00:00:12]} 21. Qxh7+ {[%clk 01:25:56]} {[%emt 00:00:15]} Ke8 {[%clk 00:58:58]}
{[%emt 00:01:12]} 22. Qxg6+ {[%clk 01:26:09]} {[%emt 00:00:17]} Kd8 {[%clk
00:59:06]} {[%emt 00:00:22]} 23. Qg5+ {[%clk 01:23:27]} {[%emt 00:03:12]} Kc7
{[%clk 00:56:54]} {[%emt 00:02:43]} 24. Rh7+ {[%clk 01:21:18]} {[%emt
00:02:38]} Bd7 {[%clk 00:56:57]} {[%emt 00:00:26]} 25. e5 {[%clk 01:19:48]}
{[%emt 00:02:01]} d5 {[%clk 00:56:38]} {[%emt 00:00:49]} 26. Rxd5 {[%clk
01:17:15]} {[%emt 00:03:03]} Qc6 {[%clk 00:54:57]} {[%emt 00:02:12]} 27. Rd6
{[%clk 01:16:16]} {[%emt 00:01:29]} Qxd6 {[%clk 00:54:37]} {[%emt 00:00:50]} 28.
exd6+ {[%clk 01:16:35]} {[%emt 00:00:10]} Kc6 {[%clk 00:54:55]} {[%emt
00:00:11]} 29. Rxd7 {[%clk 01:16:52]} {[%emt 00:00:14]} Kxd7 {[%clk 00:55:00]}
{[%emt 00:00:26]} 30. Qe7+ {[%clk 01:17:12]} {[%emt 00:00:09]} Kc6 {[%clk
00:55:24]} {[%emt 00:00:06]} 31. Qc7# {[%clk 01:17:35]} {[%emt 00:00:07]} 1-0

[Event "XLIV Memoriał Szachowy Ludwika Zamenhofa 2025, Grupa B"]
[Site "Bialystok, Poland"]
[Date "2025.12.27"]
[Round "2.26"]
[White "Harasimczuk, Jakub"]
[Black "Kaminska, Zuzanna"]
[Result "0-1"]
[TimeControl "90'+30\""]
[WhiteElo "1612"]
[BlackElo "1873"]

1. d4 {[%clk 01:30:55]} {[%emt 00:00:03]} Nf6 {[%clk 01:30:48]} {[%emt
00:00:12]} 2. c4 {[%clk 01:31:00]} {[%emt 00:00:26]} e6 {[%clk 01:31:07]}
{[%emt 00:00:12]} 3. g3 {[%clk 01:29:38]} {[%emt 00:01:52]} Bb4+ {[%clk
01:31:00]} {[%emt 00:00:36]} 4. Bd2 {[%clk 01:28:33]} {[%emt 00:01:36]} Qe7
{[%clk 01:30:12]} {[%emt 00:01:19]} 5. Bg2 {[%clk 01:26:40]} {[%emt 00:02:22]}
d5 {[%clk 01:25:20]} {[%emt 00:05:22]} 6. Qb3 {[%clk 01:17:10]} {[%emt
00:10:00]} Nc6 {[%clk 01:18:26]} {[%emt 00:07:24]} 7. e3 {[%clk 01:14:31]}
{[%emt 00:03:09]} O-O {[%clk 01:14:03]} {[%emt 00:04:53]} 8. Nf3 {[%clk
01:04:20]} {[%emt 00:10:40]} a5 {[%clk 01:08:45]} {[%emt 00:05:49]} 9. O-O
{[%clk 01:00:41]} {[%emt 00:04:09]} Rd8 {[%clk 01:02:52]} {[%emt 00:06:23]} 10.
a3 {[%clk 00:52:12]} {[%emt 00:08:59]} Bxd2 {[%clk 01:02:00]} {[%emt 00:01:22]}
11. Nbxd2 {[%clk 00:51:59]} {[%emt 00:00:44]} a4 {[%clk 01:00:47]} {[%emt
00:01:43]} 12. Qc2 {[%clk 00:49:51]} {[%emt 00:02:37]} e5 {[%clk 00:57:19]}
{[%emt 00:03:59]} 13. dxe5 {[%clk 00:42:18]} {[%emt 00:08:03]} Nxe5 {[%clk
00:56:54]} {[%emt 00:00:55]} 14. Nxe5 {[%clk 00:36:53]} {[%emt 00:05:54]} Qxe5
{[%clk 00:57:12]} {[%emt 00:00:11]} 15. Nf3 {[%clk 00:35:35]} {[%emt 00:01:48]}
Qe7 {[%clk 00:51:21]} {[%emt 00:06:20]} 16. Nd4 {[%clk 00:32:19]} {[%emt
00:03:47]} c5 {[%clk 00:49:23]} {[%emt 00:02:29]} 17. Ne2 {[%clk 00:26:58]}
{[%emt 00:05:50]} dxc4 {[%clk 00:47:31]} {[%emt 00:02:22]} 18. Nc3 {[%clk
00:18:48]} {[%emt 00:08:40]} Be6 {[%clk 00:40:40]} {[%emt 00:07:21]} 19. Nxa4
{[%clk 00:12:43]} {[%emt 00:06:35]} Qc7 {[%clk 00:34:15]} {[%emt 00:06:55]} 20.
Rfd1 {[%clk 00:10:29]} {[%emt 00:02:44]} Nd7 {[%clk 00:27:15]} {[%emt
00:07:30]} 21. Nc3 {[%clk 00:07:36]} {[%emt 00:03:23]} Ne5 {[%clk 00:21:45]}
{[%emt 00:05:59]} 22. Rxd8+ {[%clk 00:03:59]} {[%emt 00:04:09]} Rxd8 {[%clk
00:21:39]} {[%emt 00:00:36]} 23. Rd1 {[%clk 00:02:35]} {[%emt 00:01:53]} Nd3
{[%clk 00:17:16]} {[%emt 00:04:52]} 24. Be4 {[%clk 00:01:34]} {[%emt 00:01:32]}
Qd7 {[%clk 00:08:51]} {[%emt 00:08:54]} 25. h4 {[%clk 00:00:45]} {[%emt
00:01:20]} b5 {[%clk 00:08:02]} {[%emt 00:01:20]} 26. Kh2 {[%clk 00:00:34]}
{[%emt 00:00:40]} f5 {[%clk 00:05:53]} {[%emt 00:02:39]} 27. Bf3 {[%clk
00:00:49]} {[%emt 00:00:15]} Qe8 {[%clk 00:05:26]} {[%emt 00:00:57]} 28. Be2
{[%clk 00:00:42]} {[%emt 00:00:36]} b4 {[%clk 00:04:34]} {[%emt 00:01:23]} 29.
axb4 {[%clk 00:00:44]} {[%emt 00:00:28]} cxb4 {[%clk 00:04:50]} {[%emt
00:00:15]} 30. Nb1 {[%clk 00:00:40]} {[%emt 00:00:33]} Nxf2 {[%clk 00:01:07]}
{[%emt 00:04:13]} 31. Rxd8 {[%clk 00:00:42]} {[%emt 00:00:28]} Qxd8 {[%clk
00:01:32]} {[%emt 00:00:06]} 32. Bxc4 {[%clk 00:00:41]} {[%emt 00:00:29]} Ng4+
{[%clk 00:00:54]} {[%emt 00:01:09]} 33. Kg1 {[%clk 00:00:48]} {[%emt 00:00:23]}
Qc8 {[%clk 00:00:46]} {[%emt 00:00:29]} 34. b3 {[%clk 00:00:37]} {[%emt
00:00:51]} Nxe3 {[%clk 00:00:42]} {[%emt 00:00:34]} 35. Bxe6+ {[%clk 00:00:44]}
{[%emt 00:00:23]} Qxe6 {[%clk 00:01:06]} {[%emt 00:00:07]} 36. Qd3 {[%clk
00:00:45]} {[%emt 00:00:29]} Nd5 {[%clk 00:01:01]} {[%emt 00:00:34]} 37. Nd2
{[%clk 00:00:43]} {[%emt 00:00:32]} h6 {[%clk 00:00:43]} {[%emt 00:00:49]} 38.
Nf3 {[%clk 00:00:48]} {[%emt 00:00:24]} Kh8 {[%clk 00:00:39]} {[%emt 00:00:35]}
39. Kf2 {[%clk 00:00:40]} {[%emt 00:00:37]} f4 {[%clk 00:00:51]} {[%emt
00:00:18]} 40. Nd4 {[%clk 00:00:36]} {[%emt 00:00:34]} fxg3+ {[%clk 00:00:57]}
{[%emt 00:00:24]} 41. Kxg3 {[%clk 00:00:52]} {[%emt 00:00:14]} Qe1+ {[%clk
00:01:02]} {[%emt 00:00:25]} 42. Kg4 {[%clk 00:00:38]} {[%emt 00:00:44]} h5+
{[%clk 00:00:52]} {[%emt 00:00:41]} 43. Kf5 {[%clk 00:00:39]} {[%emt 00:00:29]}
g6+ {[%clk 00:00:40]} {[%emt 00:00:42]} 44. Kg5 {[%clk 00:00:40]} {[%emt
00:00:28]} Qc1+ {[%clk 00:00:54]} {[%emt 00:00:15]} 0-1

[Event "XLIV Memoriał Szachowy Ludwika Zamenhofa 2025, Grupa B"]
[Site "Bialystok, Poland"]
[Date "2025.12.27"]
[Round "2.27"]
[White "Filimoniuk, Marcin"]
[Black "Konopka, Tymon"]
[Result "1-0"]
[TimeControl "90'+30\""]
[WhiteElo "1854"]
[BlackElo "1608"]

1. d4 {[%clk 01:30:26]} {[%emt 00:00:33]} e6 {[%clk 01:30:35]} {[%emt
00:00:26]} 2. Bf4 {[%clk 01:30:22]} {[%emt 00:00:34]} f5 {[%clk 01:30:15]}
{[%emt 00:00:50]} 3. e3 {[%clk 01:29:35]} {[%emt 00:01:18]} Nf6 {[%clk
01:29:30]} {[%emt 00:01:15]} 4. Nf3 {[%clk 01:28:29]} {[%emt 00:01:35]} b6
{[%clk 01:28:19]} {[%emt 00:01:42]} 5. Be2 {[%clk 01:27:56]} {[%emt 00:01:03]}
Bb7 {[%clk 01:27:31]} {[%emt 00:01:18]} 6. O-O {[%clk 01:27:48]} {[%emt
00:00:36]} Be7 {[%clk 01:26:20]} {[%emt 00:01:41]} 7. h3 {[%clk 01:26:26]}
{[%emt 00:01:53]} O-O {[%clk 01:25:05]} {[%emt 00:01:45]} 8. c4 {[%clk
01:24:21]} {[%emt 00:02:35]} d6 {[%clk 01:21:49]} {[%emt 00:03:46]} 9. Nc3
{[%clk 01:21:57]} {[%emt 00:02:54]} h6 {[%clk 01:18:38]} {[%emt 00:03:42]} 10.
Nd2 {[%clk 01:20:17]} {[%emt 00:02:09]} Nbd7 {[%clk 01:14:00]} {[%emt
00:05:08]} 11. Bf3 {[%clk 01:17:52]} {[%emt 00:02:55]} Bxf3 {[%clk 01:11:11]}
{[%emt 00:03:18]} 12. Nxf3 {[%clk 01:16:09]} {[%emt 00:02:15]} Nh5 {[%clk
01:03:05]} {[%emt 00:08:35]} 13. Bh2 {[%clk 01:12:56]} {[%emt 00:03:42]} a6
{[%clk 00:56:11]} {[%emt 00:07:26]} 14. Qe2 {[%clk 01:10:57]} {[%emt 00:02:28]}
Qe8 {[%clk 00:54:34]} {[%emt 00:02:07]} 15. e4 {[%clk 01:05:07]} {[%emt
00:06:20]} Qf7 {[%clk 00:47:59]} {[%emt 00:07:05]} 16. Rae1 {[%clk 00:59:19]}
{[%emt 00:06:18]} Rae8 {[%clk 00:46:42]} {[%emt 00:01:47]} 17. exf5 {[%clk
00:51:09]} {[%emt 00:08:41]} exf5 {[%clk 00:46:50]} {[%emt 00:00:21]} 18. Qd3
{[%clk 00:45:44]} {[%emt 00:05:55]} Qg6 {[%clk 00:39:04]} {[%emt 00:08:16]} 19.
Re2 {[%clk 00:43:36]} {[%emt 00:02:37]} Bg5 {[%clk 00:26:56]} {[%emt 00:12:39]}
20. Rfe1 {[%clk 00:35:04]} {[%emt 00:09:02]} Nhf6 {[%clk 00:23:23]} {[%emt
00:04:03]} 21. Rxe8 {[%clk 00:29:18]} {[%emt 00:06:16]} Rxe8 {[%clk 00:22:30]}
{[%emt 00:01:24]} 22. Rxe8+ {[%clk 00:28:44]} {[%emt 00:01:04]} Nxe8 {[%clk
00:22:49]} {[%emt 00:00:09]} 23. Nd5 {[%clk 00:21:08]} {[%emt 00:08:06]} Qe6
{[%clk 00:14:22]} {[%emt 00:08:48]} 24. Kf1 {[%clk 00:15:17]} {[%emt 00:06:29]}
Ndf6 {[%clk 00:12:31]} {[%emt 00:02:23]} 25. h4 {[%clk 00:12:42]} {[%emt
00:03:04]} Nxd5 {[%clk 00:09:02]} {[%emt 00:03:58]} 26. cxd5 {[%clk 00:12:31]}
{[%emt 00:00:41]} Qe4 {[%clk 00:08:40]} {[%emt 00:00:50]} 27. Qxe4 {[%clk
00:09:19]} {[%emt 00:03:45]} fxe4 {[%clk 00:07:56]} {[%emt 00:01:14]} 28. Nxg5
{[%clk 00:09:23]} {[%emt 00:00:26]} hxg5 {[%clk 00:08:19]} {[%emt 00:00:06]} 29.
hxg5 {[%clk 00:09:30]} {[%emt 00:00:23]} Kf7 {[%clk 00:08:01]} {[%emt
00:00:48]} 30. g4 {[%clk 00:09:12]} {[%emt 00:00:48]} Ke7 {[%clk 00:06:59]}
{[%emt 00:01:33]} 31. Ke2 {[%clk 00:09:01]} {[%emt 00:00:41]} Kd7 {[%clk
00:06:43]} {[%emt 00:00:46]} 32. Ke3 {[%clk 00:08:56]} {[%emt 00:00:35]} c6
{[%clk 00:07:06]} {[%emt 00:00:07]} 33. dxc6+ {[%clk 00:08:10]} {[%emt
00:01:16]} Kxc6 {[%clk 00:07:26]} {[%emt 00:00:10]} 34. Kxe4 {[%clk 00:07:47]}
{[%emt 00:00:53]} g6 {[%clk 00:07:07]} {[%emt 00:00:49]} 35. Bf4 {[%clk
00:06:28]} {[%emt 00:01:48]} Nc7 {[%clk 00:06:44]} {[%emt 00:00:52]} 36. Be3
{[%clk 00:06:27]} {[%emt 00:00:33]} Nd5 {[%clk 00:06:32]} {[%emt 00:00:41]} 37.
Bd2 {[%clk 00:06:02]} {[%emt 00:00:56]} Ne7 {[%clk 00:06:43]} {[%emt 00:00:19]}
38. f4 {[%clk 00:05:46]} {[%emt 00:00:45]} Kd7 {[%clk 00:06:46]} {[%emt
00:00:28]} 39. d5 {[%clk 00:04:56]} {[%emt 00:01:19]} Ke8 {[%clk 00:07:05]}
{[%emt 00:00:11]} 40. Bc3 {[%clk 00:04:09]} {[%emt 00:01:18]} a5 {[%clk
00:07:17]} {[%emt 00:00:18]} 41. Bf6 {[%clk 00:04:07]} {[%emt 00:00:32]} Ng8
{[%clk 00:07:31]} {[%emt 00:00:16]} 42. a4 {[%clk 00:03:57]} {[%emt 00:00:40]}
Kd7 {[%clk 00:07:35]} {[%emt 00:00:26]} 43. Kd3 {[%clk 00:03:41]} {[%emt
00:00:45]} Ke8 {[%clk 00:07:53]} {[%emt 00:00:13]} 44. Kc4 {[%clk 00:03:40]}
{[%emt 00:00:31]} 1-0

[Event "XLIV Memoriał Szachowy Ludwika Zamenhofa 2025, Grupa B"]
[Site "Bialystok, Poland"]
[Date "2025.12.27"]
[Round "2.28"]
[White "Raczkiewicz, Mateusz"]
[Black "Daniel, Damian"]
[Result "0-1"]
[TimeControl "90'+30\""]
[WhiteElo "1534"]
[BlackElo "2150"]

1. e4 {[%clk 01:30:56]} {[%emt 00:00:04]} c6 {[%clk 01:30:53]} {[%emt
00:00:07]} 2. d4 {[%clk 01:31:18]} {[%emt 00:00:08]} d5 {[%clk 01:31:17]}
{[%emt 00:00:06]} 3. exd5 {[%clk 01:31:41]} {[%emt 00:00:08]} cxd5 {[%clk
01:31:41]} {[%emt 00:00:06]} 4. Bd3 {[%clk 01:31:55]} {[%emt 00:00:16]} Nf6
{[%clk 01:32:00]} {[%emt 00:00:11]} 5. Bf4 {[%clk 01:32:05]} {[%emt 00:00:20]}
Nc6 {[%clk 01:32:21]} {[%emt 00:00:10]} 6. c3 {[%clk 01:30:55]} {[%emt
00:01:40]} g6 {[%clk 01:32:22]} {[%emt 00:00:28]} 7. Ne2 {[%clk 01:29:18]}
{[%emt 00:02:06]} Bf5 {[%clk 01:32:10]} {[%emt 00:00:42]} 8. Bxf5 {[%clk
01:28:14]} {[%emt 00:01:34]} gxf5 {[%clk 01:32:33]} {[%emt 00:00:07]} 9. Na3
{[%clk 01:25:50]} {[%emt 00:02:55]} a6 {[%clk 01:31:27]} {[%emt 00:01:35]} 10.
Nc2 {[%clk 01:23:09]} {[%emt 00:03:12]} e6 {[%clk 01:31:40]} {[%emt 00:00:17]}
11. Ng3 {[%clk 01:11:49]} {[%emt 00:11:49]} Be7 {[%clk 01:29:33]} {[%emt
00:02:38]} 12. Qe2 {[%clk 01:09:53]} {[%emt 00:02:25]} Qd7 {[%clk 01:25:02]}
{[%emt 00:05:02]} 13. b4 {[%clk 01:04:28]} {[%emt 00:05:55]} h5 {[%clk
01:09:29]} {[%emt 00:16:03]} 14. Bg5 {[%clk 00:53:16]} {[%emt 00:11:41]} Ne4
{[%clk 00:57:56]} {[%emt 00:12:04]} 15. Nxe4 {[%clk 00:49:52]} {[%emt
00:03:53]} fxe4 {[%clk 00:57:38]} {[%emt 00:00:49]} 16. Bxe7 {[%clk 00:49:31]}
{[%emt 00:00:51]} Nxe7 {[%clk 00:55:11]} {[%emt 00:02:56]} 17. a4 {[%clk
00:47:36]} {[%emt 00:02:26]} Rc8 {[%clk 00:53:05]} {[%emt 00:02:36]} 18. Ra3
{[%clk 00:45:38]} {[%emt 00:02:28]} Nf5 {[%clk 00:52:48]} {[%emt 00:00:47]} 19.
Ne3 {[%clk 00:43:59]} {[%emt 00:02:08]} Nd6 {[%clk 00:52:59]} {[%emt 00:00:19]}
20. f3 {[%clk 00:37:20]} {[%emt 00:07:10]} f5 {[%clk 00:50:43]} {[%emt
00:02:45]} 21. f4 {[%clk 00:36:03]} {[%emt 00:01:48]} h4 {[%clk 00:27:06]}
{[%emt 00:24:07]} 22. O-O {[%clk 00:31:26]} {[%emt 00:05:06]} Qg7 {[%clk
00:26:39]} {[%emt 00:00:58]} 23. Kh1 {[%clk 00:30:18]} {[%emt 00:01:38]} Kd7
{[%clk 00:25:33]} {[%emt 00:01:36]} 24. Rb3 {[%clk 00:27:56]} {[%emt 00:02:54]}
Rc7 {[%clk 00:24:24]} {[%emt 00:01:37]} 25. Qd2 {[%clk 00:26:25]} {[%emt
00:01:59]} Rhc8 {[%clk 00:23:40]} {[%emt 00:01:16]} 26. Ra3 {[%clk 00:22:39]}
{[%emt 00:04:17]} Qh6 {[%clk 00:18:32]} {[%emt 00:05:37]} 27. Rb3 {[%clk
00:20:13]} {[%emt 00:02:57]} Qh5 {[%clk 00:14:41]} {[%emt 00:04:21]} 28. Ra3
{[%clk 00:19:52]} {[%emt 00:00:51]} Nc4 {[%clk 00:13:32]} {[%emt 00:01:40]} 29.
Nxc4 {[%clk 00:19:59]} {[%emt 00:00:22]} Rxc4 {[%clk 00:14:00]} {[%emt
00:00:02]} 30. Qe3 {[%clk 00:19:11]} {[%emt 00:01:18]} Kd6 {[%clk 00:13:34]}
{[%emt 00:00:55]} 31. Rb1 {[%clk 00:18:06]} {[%emt 00:01:36]} h3 {[%clk
00:10:15]} {[%emt 00:03:49]} 32. g3 {[%clk 00:18:06]} {[%emt 00:00:29]} Qf3+
{[%clk 00:08:34]} {[%emt 00:02:11]} 33. Qxf3 {[%clk 00:18:28]} {[%emt
00:00:08]} exf3 {[%clk 00:09:03]} {[%emt 00:00:02]} 34. Kg1 {[%clk 00:14:29]}
{[%emt 00:04:29]} Rxc3 {[%clk 00:09:23]} {[%emt 00:00:10]} 35. Rxc3 {[%clk
00:14:50]} {[%emt 00:00:09]} Rxc3 {[%clk 00:09:51]} 36. Kf2 {[%clk 00:14:55]}
{[%emt 00:00:25]} Rc2+ {[%clk 00:08:00]} {[%emt 00:02:21]} 37. Kxf3 {[%clk
00:15:18]} {[%emt 00:00:08]} Rxh2 {[%clk 00:08:25]} {[%emt 00:00:04]} 38. a5
{[%clk 00:14:56]} {[%emt 00:00:53]} Ra2 {[%clk 00:07:45]} {[%emt 00:01:10]} 39.
Rh1 {[%clk 00:14:50]} {[%emt 00:00:36]} h2 {[%clk 00:07:05]} {[%emt 00:01:09]}
40. Rb1 {[%clk 00:14:30]} {[%emt 00:00:51]} Rd2 {[%clk 00:06:39]} {[%emt
00:00:55]} 41. Ke3 {[%clk 00:14:19]} {[%emt 00:00:41]} Rg2 {[%clk 00:06:54]}
{[%emt 00:00:15]} 42. Rh1 {[%clk 00:14:39]} {[%emt 00:00:11]} Rxg3+ {[%clk
00:07:16]} {[%emt 00:00:08]} 43. Kf2 {[%clk 00:15:01]} {[%emt 00:00:07]} Rd3
{[%clk 00:06:33]} {[%emt 00:01:14]} 44. Rxh2 {[%clk 00:15:00]} {[%emt
00:00:31]} Rxd4 {[%clk 00:05:41]} {[%emt 00:01:21]} 45. Ke3 {[%clk 00:15:12]}
{[%emt 00:00:19]} Re4+ {[%clk 00:05:54]} {[%emt 00:00:17]} 46. Kd4 {[%emt
00:00:22]} 0-1